000 00447nam a2200205Ia 4500
001 084372
003 YMCAF
005 20230512161448.0
008 100717s2002 ||||||||||||||||| ||und|d
024 _a84372
035 _a23832
040 _aYMCAF
_beng
_cIN-KoLT
041 _aeng
082 _a670.285
_bZEI
100 _aZeid, Ibrahim
245 0 _aCAD/CAM: theory and practice
260 _bTMH
_c2002
300 _a1052
942 _2ddc
_cBK
999 _c8760
_d8760